00701 2200229 4500001002100000005001500021035002000036007000300056008004100059082001700100084002300117100002500140245007700165260006900242300002800311650001400339650001500353700002100368520002400389856003400413990002400447INLIS00000000000829220260427025205 a0010-0426000141ta260427 0 ind  a631.58 : 633 a631.58 : 633 ERN p0 aERNAWANTO, Q. Dadang1 aPendampingan Kawasan Pertanian Nasional Tanaman Perkebunan Di Jawa Timur aMalang :bBalai Pengkajian Teknologi Pertanian Jawa Timur,c2017 a59p. :bIlus ;c29.2 cm 4aPertanian 4aPerkebunan0 aTini Siniati K. aLaporan Akhir Tahun aPerpustakaan BBRMP Jawa Timur a433/2026/BBRMPJATIM